Διακριτικά Αξιωματικών Πολεμικού Ναυτικού - Statistics

General Stats
  • This quiz has been taken 53 times
  • The average score is 8 of 11
Answer Stats
Picture Answer % Correct
Πλοίαρχος
96%
Ναύαρχος
93%
Υποπλοίαρχος
93%
Υποναύαρχος
86%
Αντιναύαρχος
79%
Ανθυποπλοίαρχος
79%
Πλωτάρχης
75%
Αρχιπλοίαρχος
71%
Αντιπλοίαρχος
68%
Σημαιοφόρος
68%
Σημαιοφόρος Επίκουρος Αξιωματικός
29%
No matching quizzes found
Score Distribution
Percent of People with Each Score
Percentile by Number Answered
Your Score History
You have not taken this quiz